La tumba de Lenin: los últimos días del imperio soviético
Guardat en:
| Autor principal: | |
|---|---|
| Format: | Llibre |
| Idioma: | espanyol |
| Publicat: |
Bogotá
Tercer Mundo
1995
|
| Col·lecció: | Colección Temas de Actualidad
|
| Matèries: | |
| Etiquetes: |
Afegir etiqueta
Sense etiquetes, Sigues el primer a etiquetar aquest registre!
|
MARC
| LEADER | 00000nam a2200000 a 4500 | ||
|---|---|---|---|
| 001 | UCU7374 | ||
| 003 | CL-VaPUC | ||
| 008 | 960705e19950000CK |||||||||||||||||spa|d | ||
| 082 | 0 | 4 | |a 947.0854 |b REM |2 21 |
| 100 | 0 | |a Remnick, David |e author |9 366174 | |
| 245 | 1 | 3 | |a La tumba de Lenin: los últimos días del imperio soviético |
| 300 | |a 640 p | ||
| 942 | |c BK | ||
| 945 | |d 19960705 00:00:00 |a rbrito | ||
| 260 | |a Bogotá |b Tercer Mundo |c 1995 | ||
| 600 | 0 | |a Lenin, Vladimir Ilich |d 1870-1924 |9 319799 | |
| 650 | 0 | |a Historia política |9 256974 | |
| 650 | 7 | |a REVOLUCION RUSA 1917 |2 CL-VaPUC |9 366175 | |
| 650 | 0 | |a Historia de Rusia |9 343091 | |
| 650 | 7 | |a MARXISMO |2 CL-VaPUC |9 366176 | |
| 650 | 0 | |a Partido comunista |9 340375 | |
| 651 | 0 | |a Unión Soviética |9 256769 | |
| 583 | |a last modification |c 20120830 10:57:17 |k Rodrigo Vera | ||
| 490 | 0 | |a Colección Temas de Actualidad | |
| 999 | |c 250033 |d 250031 | ||
| 952 | |0 0 |1 0 |4 0 |6 947_085400000000000_REM_1995 |7 0 |8 A |9 267702 |a BIBHIS |b BIBHIS |d 2019-11-19 |i 3210251 |o 947.0854 REM 1995 |p 3210251 |r 2025-01-20 |w 2019-11-19 |y BK |k HIS | ||
| 952 | |0 0 |1 0 |4 0 |6 947_085400000000000_REM_1995 |7 0 |8 P |9 267703 |a BIBDER |b BIBDER |d 2019-11-19 |i 3329755 |o 947.0854 REM 1995 |p 3329755 |r 2023-01-25 |w 2019-11-19 |y BK |k DER | ||